الموسوعة الفنية في التصميم و الزخرفة : الزخرفة فن و تاريخ الزخرفة بالحناء و المشغولات الذهبية / (رقم التسجيلة. 113538)
[ عرض عادي ]
| 000 -LEADER | |
|---|---|
| fixed length control field | 00613nam a22001697a 4500 |
| 005 - DATE AND TIME OF LATEST TRANSACTION | |
| control field | 20251108174618.0 |
| 008 - FIXED-LENGTH DATA ELEMENTS--GENERAL INFORMATION | |
| fixed length control field | 250721s2007 xx 000 0 ara d |
| 082 14 - DEWEY DECIMAL CLASSIFICATION NUMBER | |
| Classification number | 745/قند |
| 100 1# - MAIN ENTRY--PERSONAL NAME | |
| Personal name | قنديل، كمال حسن |
| Relator term | مؤلف |
| 245 10 - TITLE STATEMENT | |
| Title | الموسوعة الفنية في التصميم و الزخرفة : الزخرفة فن و تاريخ الزخرفة بالحناء و المشغولات الذهبية / |
| 264 1# - PRODUCTION, PUBLICATION, DISTRIBUTION, MANUFACTURE, AND COPYRIGHT NOTICE | |
| Place of production, publication, distribution, manufacture | المنصورة : |
| Name of producer, publisher, distributor, manufacturer | مكتبة الإيمان، |
| Date of production, publication, distribution, manufacture, or copyright notice | 2007. |
| 300 ## - PHYSICAL DESCRIPTION | |
| Extent | 352 ص. |
| 650 17 - SUBJECT ADDED ENTRY--TOPICAL TERM | |
| Topical term or geographic name as entry element | الزخرفه |
| 650 17 - SUBJECT ADDED ENTRY--TOPICAL TERM | |
| Topical term or geographic name as entry element | الفنون |
| 942 ## - ADDED ENTRY ELEMENTS (KOHA) | |
| Source of classification or shelving scheme | Dewey Decimal Classification |
| Koha item type | كتب |
| حالة السحب | حالة الفقدان | مصدر التصنيف | حالة التلف | غير قابل للإعارة | المكتبة الرئيسية | المكتبة الحالية | موقع الرف | تاريخ التزويد | الرقم المتسلسل | Total Checkouts | رقم الإستدعاء | الباركود | تاريخ آخر ظهور | تاريخ الفاتورة | نوع المادة (كوها) |
|---|---|---|---|---|---|---|---|---|---|---|---|---|---|---|---|
| Dewey Decimal Classification | المكتبة المركزية | المكتبة المركزية | الإعارة | 28/07/2025 | 1215533 | 745/قند | PLD00034553 | 28/07/2025 | 28/07/2025 | كتب | |||||
| Dewey Decimal Classification | المكتبة المركزية | المكتبة المركزية | مقتنيات قسم التزويد | 28/07/2025 | 1215534 | 745/قند | 28/07/2025 | 28/07/2025 | كتب | ||||||
| Dewey Decimal Classification | المكتبة المركزية | المكتبة المركزية | مقتنيات قسم التزويد | 28/07/2025 | 1215535 | 745/قند | 28/07/2025 | 28/07/2025 | كتب | ||||||
| Dewey Decimal Classification | المكتبة المركزية | المكتبة المركزية | مقتنيات قسم التزويد | 28/07/2025 | 1215536 | 745/قند | 28/07/2025 | 28/07/2025 | كتب | ||||||
| Dewey Decimal Classification | مكتبة أبو علندا العامة | مكتبة أبو علندا العامة | الإعارة | 16/08/2008 | 1215539 | 745/قند | PLD00034780 | 28/07/2025 | 16/08/2008 | كتب | |||||
| Dewey Decimal Classification | مكتبة الأميرة ايمان العامة | مكتبة الأميرة ايمان العامة | الإعارة | 16/08/2008 | 1215537 | 745/قند | PLD00034778 | 28/07/2025 | 16/08/2008 | كتب | |||||
| Dewey Decimal Classification | مكتبة صويلح العامة | مكتبة صويلح العامة | الإعارة | 16/08/2008 | 1215538 | 745/قند | PLD00034779 | 28/07/2025 | 16/08/2008 | كتب | |||||
| Dewey Decimal Classification | مكتبةمؤتة | مكتبةمؤتة | الإعارة | 23/03/2011 | 1428556 | 745/قند | PLD00198543 | 28/07/2025 | 23/03/2011 | كتب |